Sobre la administración de la justicia en Roma

محفوظ في:
التفاصيل البيبلوغرافية
المؤلف الرئيسي: Paricio, Javier (autor)
التنسيق: كتاب
اللغة:الإسبانية
منشور في: Madrid Civitas 1987
سلاسل:Cuadernos Civitas
الموضوعات:
الوسوم: إضافة وسم
لا توجد وسوم, كن أول من يضع وسما على هذه التسجيلة!

MARC

LEADER 00000nam a2200000 a 4500
001 UCR0953
003 CL-VaPUC
008 971205e19870000SP |||||||||||||||||spa|d
082 0 4 |a 340.54  |b PAR  |2 21 
100 |a Paricio, Javier  |e autor  |9 583686 
245 1 0 |a Sobre la administración de la justicia en Roma 
300 |a 126 p 
942 |c BK 
945 |d 19971205 00:00:00  |a aolguin 
260 |a Madrid  |b Civitas  |c 1987 
650 0 |a Derecho romano  |9 255930 
650 0 |a Administración de justicia  |9 382749 
650 0 |a Juristas  |9 255986 
650 0 |a Juramentos   |9 397629 
650 0 |a Verdad  |9 313815 
583 |a last modification  |c 19971205 00:00:00  |k Rodrigo Vera 
490 0 |a Cuadernos Civitas 
999 |c 264450  |d 264448 
952 |0 0  |1 0  |4 0  |6 340_540000000000000_PAR_1987  |7 0  |8 DER_ROM  |9 294727  |a BIBDER  |b BIBDER  |d 2019-11-19  |i 1909266  |o 340.54 PAR 1987  |p 1909266  |r 2023-01-25  |w 2019-11-19  |x Ubicación 4to piso  |y BK  |z Este recurso debe solicitarse con anticipación  |k DER